000 00523nam a2200157Ia 4500
008 240729s9999 xx 000 0 und d
022 _a2580-5347
245 0 _aEternal (English, Teaching, Learning & Research Journal)
260 _aIndonesia
260 _bJurusan Pendidikan Bahasa Inggris Fakultas Tarbiyah dan Keguruan UIN Alauddin Makassar
650 _a English language
650 _aLanguage and Literature
856 _uhttps://doaj.org/toc/8cce286a0e384dc8b28104a899168c21
942 _2ddc
942 _cDOAJEJ
999 _c72974
_d72974
945 _a1
_bMadushi Gamage
_c1
_dMadushi Gamage